000 00233nam a2200121Ia 4500
100 _a#N/A
650 _aComputers
942 _cBK
654 _aprofessional dvd
245 _aProfessional DVD
260 _b#N/A
546 _aENGLISH
999 _c28024
_d28024